| 000 | 00391nam a2200109Ia 4500 | ||
|---|---|---|---|
| 008 | 220216s9999 xx 000 0 und d | ||
| 100 | _aNakajima N | ||
| 245 | 0 | _aViscoelastic characterization of gum rubbers with particular attention to cis-1, 4-polybutadiene | |
| 260 | _bProceedings of the International Rubber Conference, Kobe, Japan, 1995; p424-427 | ||
| 650 | _aGum rubbers | ||
| 942 | _cJS | ||
| 999 |
_c72196 _d72196 |
||